[Event "Godinn CC op"]
[Site "Skutustadir"]
[Date "2025.03.14"]
[Round "3"]
[White "Gudjonsson, Larus Solberg"]
[Black "Olafsson, Olafur Orn"]
[Result "0-1"]
[WhiteElo "1509"]
[BlackElo "1618"]
[PlyCount "76"]
[EventDate "2025.03.13"]
[EventType "swiss"]
[EventRounds "6"]
[EventCountry "ISL"]
[SourceTitle "CB12_2025"]
[SourceDate "2025.03.19"]
[SourceVersion "1"]
[SourceVersionDate "2025.03.19"]
[SourceQuality "1"]

1. e4 c6 2. d4 d5 3. e5 Bf5 4. Nf3 e6 5. a3 c5 6. c3 Nc6 7. Bd3 Bg6 8. Be3 Qb6 9. Bxg6 hxg6 10. Qc2 Rc8 11. Nbd2 cxd4 12. Bxd4 Nxd4 13. Nxd4 Qxd4 14. Nf3 Qc4 15. Nd2 Qc6 16. Nf3 Bc5 17. 0-0 Nh6 18. h3 Nf5 19. Qd3 0-0 20. Rac1 Qa4 21. g4 Ne7 22. Ng5 Qf4 23. Nf3 Nc6 24. Qe2 Rfd8 25. b4 Bb6 26. a4 d4 27. Rfd1 dxc3 28. Rxc3 Qxb4 29. Rxd8+ Rxd8 30. Rc4 Qa5 31. Qe4 Qd5 32. Qf4 Bc7 33. Ng5 Rd7 34. Nf3 Bxe5 35. Nxe5 Qxe5 36. Qf3 Qe1+ 37. Kg2 Rd1 38. Kg3 g5 0-1